00811cam a2200277 a 45000010008000000030004000080050017000120080041000290100017000700200015000870400018001020420009001200500021001290820021001501000029001712450049002002600043002493000024002924400028003165620006003446000003003506500046003536510024003996510022004238560088004454995824OSt20140310181940.0990430r19991911nyu c 000 1 eng  a 99032232  a1875481257 aDLCcDLCdDLC alcac00aPZ 7b.B964 199300aCLA bB93sg 19931 aBurnett, Frances Hodgson14aThe secret garden /cFrances Hodgson Burnett aNew York : bPenguin Books, cc1987.  aii, 168 p. c18 cm. 0aDover juvenile classics e1  1aChildren's literaturevFiction.xFiction  1aYorkshire (England) 1aEnglandvFiction.423Publisher descriptionuhttp://www.loc.gov/catdir/description/dover031/99032232.html